000 00561nam a22001937a 4500
005 20251108174849.0
008 250721s2006 xx 000 0 ara d
082 1 4 _a398.22/سوا
100 1 _aالسواح، فراس
245 1 0 _aمدخل إلى نصوص الشرق القديم /
264 1 _aسورية :
_bدار علاء الدين،
_c2006.
300 _a403ص.
650 1 7 _aعلم الاساطير
650 1 7 _aالخرافات
650 1 7 _aالقصص الخرافية
650 1 7 _aالملاحم
942 _2ddc
_cBK
999 _c120046
_d120046